Moda y retail : de la gestión al merchandising /

Gespeichert in:
Bibliographische Detailangaben
1. Verfasser: Koumbis, Dimitri (autor)
Format: Buch
Sprache:Spanisch
Veröffentlicht: Barcelona, España : Gustavo Gili, 2015, c2015
Schriftenreihe:(Moda y Gestión)
Schlagworte:
Tags: Tag hinzufügen
Keine Tags, Fügen Sie das erste Tag hinzu!

MARC

LEADER 00000nam^a2200000^a^4500
001 000399168
005 20250521000000.0
009 20260310121545.35
020 |a 978-84-252-2745-5 
037 |a Acervo ITESO - Biblioteca 
041 |a ESP 
082 |a 746. 92068  |b MOD V. 2 
100 |a Koumbis, Dimitri  |e (autor) 
245 1 0 |a Moda y retail :  |b de la gestión al merchandising /  |c D. Koumbis ; tr. por Belén Herrero. 
264 4 |a Barcelona, España :  |b Gustavo Gili,  |c 2015, c2015 
300 |a 189 p. 
336 |a texto  |b txt  |2 rdacontenido 
337 |a sin mediación  |b n  |2 rdamedio 
338 |a volumen  |b nc  |2 rdasoporte 
440 1 |a (Moda y Gestión) 
500 |a Traducción de: Fashion Retailing. From Managing to Merchandising 
521 |a FIL 2017 EEnlace Departamento del Hábitat y Desarrollo Urbano 
521 |a Peticiones 2018 
649 |a XX 
650 |a Aparadores (Diseño y Montaje) 
650 |a Exhibición de Mercancía 
650 |a Locales Comerciales y de Servicios -  |x Tema Principal 
650 |a Promoción del Producto -  |x Tema Principal 
650 |a Producto (Mezcla de Mercadotecnia) 
650 |a Mezcla de Mercadotecnia 
650 |a Estrategia Mercadotécnica 
650 |a Ventas de Menudeo -  |x Tema Principal 
650 |a Industria del Vestido -  |x Administración -  |x Tema Principal 
650 |a Diseño de Moda -  |x Administración 
650 |a Moda -  |x Administración -  |x Tema Principal 
650 |a Moda 
650 |a Mercadotecnia 
650 |a Ciencias Administrativas 
910 |a Fondo General 
920 |a Impresos - Libros 
930 |a Colección General 
905 |a 101 
901 |a 0500294432  |b IT1  |c ACC  |i c157007  |u 20250521 
902 |a https://opac.biblio.iteso.mx/vufind/Record/000399168